Statistiken für Grafschaften Englands

Klicken Sie hier um das Quiz zu spielen!

Allgemein

  • Dieses Quiz wurde 14 mal gespielt
  • Das Durchschnittsergebnis liegt bei 12 aus 48

Antworten auf der Karte

Die Antworten werden auf der Karte rot bzw. grün angezeigt, abhängig davon wie oft sie richtig erraten wurden.
 

Antwortstatistiken

Grafschaften% Korrekt
Bristol
83%
City of London
83%
North Yorkshire
83%
Cambridgeshire
67%
Greater Manchester
67%
Kent
50%
Oxfordshire
50%
Essex
42%
Leicestershire
42%
Nottinghamshire
42%
Worcestershire
42%
Derbyshire
33%
Devon
33%
East Riding of
Yorkshire
33%
Norfolk
33%
Buckinghamshire
25%
Cheshire
25%
East Sussex
25%
Gloucestershire
25%
Hampshire
25%
Lancashire
25%
Shropshire
25%
South Yorkshire
25%
West Sussex
25%
Herefordshire
17%
Northamptonshire
17%
Northumberland
17%
Rutland
17%
Somerset
17%
Staffordshire
17%
West Yorkshire
17%
Wiltshire
17%
Bedfordshire
8%
Berkshire
8%
Dorset
8%
Durham
8%
Hertfordshire
8%
Isle of Wight
8%
Kumbria
8%
Lincolnshire
8%
Merseyside
8%
Suffolk
8%
Surrey
8%
West Midlands
8%
Kornwalia
0%
Tyne and Wear
0%
Warwickshire
0%
Wielki Londyn
0%

Verteilung der Resultate

Perzentil nach korrekt beantworteten Fragen

Anzahl Personen mit jedem Resultat

Ihre Resultats-Entwicklung

Sie haben dieses Quiz noch nicht gespielt